[Event "Landesliga Nord 0708"]
[Site "Bayern"]
[Date "2007.12.09"]
[Round "4.6"]
[White "Fellner, Guido"]
[Black "Stoeckl, Stephan"]
[Result "0-1"]
[WhiteElo "1888"]
[BlackElo "1979"]
[PlyCount "94"]
[EventDate "2007.10.21"]
[EventType "team-tourn"]
[EventRounds "9"]
[EventCountry "GER"]
[SourceTitle "EXT 2009"]
[Source "ChessBase"]
[SourceDate "2008.11.26"]
[SourceVersion "1"]
[SourceVersionDate "2008.11.26"]
[SourceQuality "1"]
[WhiteTeam "Regensburg Fortuna II"]
[BlackTeam "Schwandorf"]
[WhiteTeamCountry "GER"]
[BlackTeamCountry "GER"]

1. e4 c5 2. Nf3 e6 3. d4 cxd4 4. Nxd4 Nf6 5. Bd3 Nc6 6. Nxc6 bxc6 7. 0-0 d5 8. Nc3 Be7 9. Bf4 0-0 10. Re1 d4 11. Na4 Qa5 12. c3 c5 13. Rc1 Bd7 14. b3 Rac8 15. c4 Bc6 16. e5 Nd7 17. Bb1 Rfd8 18. Qg4 Nf8 19. Nb2 Ng6 20. Bg5 Qc7 21. h4 Bxg5 22. Qxg5 Ba8 23. h5 Qe7 24. Qg3 Nh4 25. h6 g6 26. Be4 Nf5 27. Bxf5 exf5 28. Nd3 Rc6 29. Nf4 Ra6 30. Rc2 g5 31. e6 Kh8 32. Rce2 Rg8 33. exf7 Qxf7 34. Re7 gxf4 35. Qxg8+ Kxg8 36. Re8+ Qf8 37. R1e7 Rxh6 38. Rxf8+ Kxf8 39. Rxa7 Be4 40. f3 Bc2 41. Rd7 Ke8 42. Rd5 Ke7 43. Rxc5 Rd6 44. Re5+ Kd7 45. Re2 d3 46. Rd2 Ra6 47. b4 Rxa2 0-1

[Event "Oberpfalz-ch M1"]
[Site "Regensburg"]
[Date "2006.04.09"]
[Round "4.6"]
[White "Riedl, Maximilian"]
[Black "Fellner, Guido"]
[Result "0-1"]
[WhiteElo "1875"]
[BlackElo "1902"]
[PlyCount "120"]
[EventDate "2006.04.08"]
[EventType "swiss"]
[EventRounds "8"]
[EventCountry "GER"]
[SourceTitle "EXT 2022"]
[Source "ChessBase"]
[SourceDate "2021.10.06"]
[SourceVersion "1"]
[SourceVersionDate "2021.10.06"]
[SourceQuality "1"]

1. d4 Nf6 2. Bg5 e6 3. Nd2 d5 4. Ngf3 Nbd7 5. e3 h6 6. Bh4 g5 7. Bg3 Bg7 8. Ne5 Nxe5 9. Bxe5 Kf8 10. h4 Nd7 11. Bxg7+ Kxg7 12. hxg5 hxg5 13. Rxh8 Qxh8 14. Qg4 Qh4 15. Qxh4 gxh4 16. Nf3 Nf6 17. Nxh4 Bd7 18. g3 Rh8 19. Bd3 Ne4 20. Bxe4 dxe4 21. c4 a5 22. b3 Rh5 23. Rd1 b5 24. Rc1 b4 25. Ra1 Rh8 26. a3 Rb8 27. Kd2 a4 28. bxa4 b3 29. Rb1 Bxa4 30. Rb2 Kf6 31. Kc3 Ke7 32. Ng2 Kd6 33. Nf4 c5 34. Ne2 e5 35. d5 Rh8 36. Nc1 Rh1 37. Nxb3 Rd1 38. Nxc5 Kxc5 39. Rb4 Rc1+ 40. Kd2 Rxc4 41. Rb7 Kxd5 42. Rxf7 Rc2+ 43. Ke1 Ra2 44. Kf1 Bb5+ 45. Kg2 Be2 46. Kh3 Bf3 47. Ra7 Rxf2 48. a4 Rf1 49. Kh4 Re1 50. Kg5 Rxe3 51. Rd7+ Ke6 52. Rb7 Bd1 53. Rb6+ Kd7 54. Kf5 Bxa4 55. Kxe5 Bc6 56. g4 Rf3 57. Ra6 e3 58. Ra7+ Kd8 59. Ra1 e2 60. Kd6 Rf1 0-1

[Event "Regionalliga NO 0405"]
[Site "Bayern"]
[Date "2004.11.14"]
[Round "2.4"]
[White "Schwarzmeier, Klaus"]
[Black "Fellner, Guido"]
[Result "1-0"]
[WhiteElo "2108"]
[BlackElo "1898"]
[PlyCount "95"]
[EventDate "2004.10.24"]
[EventType "team-tourn"]
[EventRounds "9"]
[EventCountry "GER"]
[SourceTitle "EXT 2007"]
[Source "ChessBase"]
[SourceDate "2006.11.23"]
[SourceVersion "1"]
[SourceVersionDate "2006.11.23"]
[SourceQuality "1"]
[WhiteTeam "Regensburg Eulenspiegel"]
[BlackTeam "Regensburg Fortuna III"]
[WhiteTeamCountry "GER"]
[BlackTeamCountry "GER"]

1. c4 Nf6 2. g3 g6 3. Bg2 Bg7 4. Nc3 c5 5. Nf3 Nc6 6. a3 0-0 7. 0-0 d6 8. Rb1 Bf5 9. d3 Rc8 10. h3 e5 11. Bg5 h6 12. Bxf6 Bxf6 13. Nd5 Bg7 14. Ne1 Re8 15. e4 Be6 16. b4 b6 17. Nc2 Bxd5 18. cxd5 Ne7 19. Ne3 f5 20. b5 f4 21. Nc4 Rf8 22. h4 Qd7 23. Kh2 fxg3+ 24. fxg3 Rxf1 25. Qxf1 g5 26. hxg5 hxg5 27. Qe2 g4 28. Ne3 Kh7 29. Nxg4 Rh8 30. Bh3 Kg6 31. Kg2 Qe8 32. Ne3 Rh6 33. Bf5+ Kf7 34. Be6+ Kg6 35. a4 Bf6 36. Rf1 Kg7 37. Ng4 Qh5 38. Qf3 Rg6 39. Qf2 Qg5 40. Bf5 Nxf5 41. exf5 Qxg4 42. fxg6 Qxg6 43. Qf5 Qxf5 44. Rxf5 Kg6 45. Rf2 Be7 46. Kf3 Bf6 47. Ke4 Bg7 48. a5 1-0

[Event "Regionalliga NO 0405"]
[Site "Bayern"]
[Date "2004.10.24"]
[Round "1.4"]
[White "Fellner, Guido"]
[Black "Stertkuhl, Eric"]
[Result "1-0"]
[WhiteElo "1898"]
[BlackElo "2065"]
[PlyCount "111"]
[EventDate "2004.10.24"]
[EventType "team-tourn"]
[EventRounds "9"]
[EventCountry "GER"]
[SourceTitle "EXT 2007"]
[Source "ChessBase"]
[SourceDate "2006.11.23"]
[SourceVersion "1"]
[SourceVersionDate "2006.11.23"]
[SourceQuality "1"]
[WhiteTeam "Regensburg Fortuna III"]
[BlackTeam "Postbauer Heng"]
[WhiteTeamCountry "GER"]
[BlackTeamCountry "GER"]

1. e4 e6 2. d4 d5 3. Nc3 dxe4 4. Nxe4 Bd7 5. Nf3 Bc6 6. Bd3 Bxe4 7. Bxe4 c6 8. 0-0 Nf6 9. Bd3 Qc7 10. Re1 Bd6 11. c4 0-0 12. h3 Nbd7 13. Bd2 c5 14. Bc3 Rad8 15. Qe2 Rfe8 16. Rad1 cxd4 17. Nxd4 a6 18. b4 Ne5 19. c5 Nxd3 20. Rxd3 Bh2+ 21. Kh1 Nd5 22. Nf3 Nxc3 23. Rxc3 Bf4 24. g3 Bh6 25. Rd1 Rxd1+ 26. Qxd1 Rd8 27. Rd3 Rxd3 28. Qxd3 g6 29. a4 Bf8 30. Kh2 a5 31. bxa5 Qxa5 32. c6 bxc6 33. Qc4 Bc5 34. Kg2 Qb4 35. Qc2 Qb6 36. Ne5 Qa7 37. Nxc6 Qb6 38. Ne5 f6 39. Nd3 Qb7+ 40. Kh2 Bb6 41. Qb2 Qa6 42. Qxf6 Ba7 43. Nf4 Qb6 44. Nxe6 Qxf2+ 45. Qxf2 Bxf2 46. Kg2 Be1 47. g4 Bd2 48. Kf3 Kf7 49. Nd4 Ke7 50. Ke4 h5 51. a5 Bxa5 52. Nc6+ Kf6 53. Nxa5 Kg5 54. Kf3 Kh4 55. gxh5 Kxh5 56. Kg3 1-0

[Event "Regionalliga NO 0304"]
[Site "Bayern"]
[Date "2004.04.25"]
[Round "9.6"]
[White "Roeber, Juergen"]
[Black "Fellner, Guido"]
[Result "1/2-1/2"]
[WhiteElo "1861"]
[BlackElo "1920"]
[PlyCount "22"]
[EventDate "2003.10.??"]
[EventType "team-tourn"]
[EventRounds "9"]
[EventCountry "GER"]
[SourceTitle "EXT 2006"]
[Source "ChessBase"]
[SourceDate "2005.11.24"]
[SourceVersion "1"]
[SourceVersionDate "2005.11.24"]
[SourceQuality "1"]
[WhiteTeam "Postbauer Heng"]
[BlackTeam "Regensburg Fortuna III"]
[WhiteTeamCountry "GER"]
[BlackTeamCountry "GER"]

1. e4 c5 2. c3 d5 3. exd5 Qxd5 4. d4 cxd4 5. cxd4 Nc6 6. Nf3 Bg4 7. Be2 e6 8. Nc3 Qd7 9. Be3 Nf6 10. 0-0 a6 11. h3 Bh5 1/2-1/2

[Event "Regionalliga NO 0304"]
[Site "Bayern"]
[Date "2004.03.28"]
[Round "8.6"]
[White "Fellner, Guido"]
[Black "Gradl, Winfried"]
[Result "1/2-1/2"]
[WhiteElo "1920"]
[BlackElo "1990"]
[PlyCount "76"]
[EventDate "2003.10.??"]
[EventType "team-tourn"]
[EventRounds "9"]
[EventCountry "GER"]
[SourceTitle "EXT 2006"]
[Source "ChessBase"]
[SourceDate "2005.11.24"]
[SourceVersion "1"]
[SourceVersionDate "2005.11.24"]
[SourceQuality "1"]
[WhiteTeam "Regensburg Fortuna III"]
[BlackTeam "Weiden"]
[WhiteTeamCountry "GER"]
[BlackTeamCountry "GER"]

1. e4 c6 2. d4 d5 3. e5 Bf5 4. Nf3 e6 5. Be2 Nd7 6. 0-0 Bg6 7. c3 Nh6 8. Bf4 Nf5 9. a4 Be7 10. a5 b5 11. b4 0-0 12. g4 Nh4 13. Nxh4 Bxh4 14. Bg3 Bxg3 15. hxg3 f5 16. f4 Qe7 17. g5 Kf7 18. Kg2 Rh8 19. Rh1 Rag8 20. Bh5 Nf8 21. Nd2 Qe8 22. Rh3 Ke7 23. Qe2 Bxh5 24. Rxh5 g6 25. Rh6 Rg7 26. Nf1 Qd7 27. Ne3 Qe8 28. g4 Qf7 29. gxf5 exf5 30. Re1 Ne6 31. Kf3 a6 32. Reh1 Kd7 33. Qd2 Qe7 34. R1h3 Kc7 35. Qh2 Qf7 36. Ng2 Qd7 37. Nh4 Nf8 38. Qe2 Qe6 1/2-1/2